000 01002cam a22003137a 4500
003 CHAP
005 20220817042017.0
008 971013s1961 r 00010 d
010 _a31753
011 _a32725
035 _a36840
040 _cCHAP
090 _aFolleto 5548
100 0 0 _aLópez de Sagredo, Fernando.
_967821
245 1 3 _aEl repilo de los olivos
260 _aMadrid :
_bMinisterio de Agricultura,
_c1961
300 _a12 p.
_b: ilus.
490 0 _aMinisterio de Agricultura. Hojas divulgadoras
_v; 13/61
590 _aBATCH-UPD
_b10
_c20130110
_lUCH01
_h2117
590 _aBATCH-UPD
_b10
_c20130410
_lUCH01
_h1428
590 _aBATCH-UPD
_b10
_c20130914
_lUCH01
_h1142
590 _aCONVERSION
_b10
_c20130109
_lUCH01
_h1318
650 1 4 _aCycloconium oleaginum.
_930786
650 1 4 _aOlivo
_xEnfermedades.
_983132
830 0 _aMinisterio de Agricultura. Hojas divulgadoras
_v; 13/61
901 _aBK
942 _cFOLL
949 _aFolleto 5548
_bBC
_cFOLL
_d-84705
_eTS1
_i36840
_mD
_si
999 _c31753
_d31753